Полувековна България (Запис номер 342351)
[ съкратено ]
| 000 -Лидер | |
|---|---|
| Контролно поле с фиксирана дължина | 04780nam a2200421 c 4500 |
| 003 - Код на организацията, давaща контролен номер | |
| Контролно поле | BLK |
| 005 - Дата и час на последна редакция | |
| Контролно поле | 20250220124412.0 |
| 008 - Елементи от данни с фиксирана дължина | |
| fixed length control field | 180911b bul|||||r ||||||| ||bul|| |
| 010 ## - Наследен системен номер | |
| LC control number | 001990 |
| 040 ## - Източник на каталожния запис | |
| Идентификатор на билиотеката - собственик на записа | BLK |
| 041 ## - Код за език | |
| Код за езика на текст/звукозапис или на отделно заглавие | Български |
| Код за езика КДБФ | Български |
| 080 ## - УДК | |
| УДК - код + определител | 308(497.2) |
| 100 1# - Редна дума - Автор | |
| Авторска отговорност | първи автор |
| R(LIN) | 397987 |
| 245 10 - Сведения за заглавието | |
| Заглавие | Полувековна България |
| Редно поле (дума) | ред. Евгения Марс |
| 246 ## - Различни форми на заглавието | |
| Паралелно заглавие | 1878 - 1928 : Илюстрован юбилеен албум |
| Подзаглавни данни | ПОЛУВЕКОВНА България |
| 260 ## - Област на издателските данни | |
| Място на издаване, разпространение и проч. | София |
| Име на издателя, разпространителя и проч. | изд. авт. |
| Година на издаване | 1929 |
| Печатница | Арм. воен.-изд.фонд |
| 300 ## - Физическа характеристика | |
| Страници | 412 с. : с ил., 6 л |
| Илюстрации и др. | портр. |
| Размери/Мащаб | 25 см |
| 380 ## - Жанр | |
| Жанр | Общ отдел |
| 490 ## - СЕРИИ (Колекции) | |
| Име на серия | Частна колекция - Академик Михаил Арнаудов |
| Бележки за серията | Дарение - Основен фонд |
| 500 ## - Общи забележки | |
| Забележка | Автограф с текст: На г-н Професор М. Арнаудов - Евгения Марс, София, 27. IХ. 929 г.; |
| 650 ## - Допълнително описание по предмет – тема | |
| Основно описание – тема или топоним | История |
| 9 (RLIN) | 397988 |
| 655 ## - Ключова дума – жанр/разновидност | |
| Данни за жанр/разновидност или ключова дума за фокус | Социология |
| 700 1# - Други автори (авторска отговорност) | |
| Лично име | Евгения Марс |
| Автороска отговорност (Описва отношението между автора и произведението) | Ред. |
| 9 (RLIN) | 397989 |
| 762 ## - Описание на подсерията (дигитална колекция) | |
| 9 (RLIN) | 409507 |
| Номер на изображение | 2 |
| Описание на изображение | Текст: На г-н Професор М. Арнаудов – Евгения Марс, София, 27.IХ.929 г. |
| Название на изображение | Автограф от Евгения Марс - редактор на книгата |
| Име на дигиталната колекция | Послания на времето |
| Резюме на колекция | Акад. Михаил Арнаудов - послания и дарствени слова |
| Описание на колекция | Академик Михаил Арнаудов е личност със значимо присъствие в българската култура и принос в областта на науката, литературата, фолклора, историята на българското Възраждане, социологията, философията и народопсихологията. Цялото документално и библиотечно наследство на родения в Русе виден учен е национално богатство от изключително значение. Единствено Регионална библиотека „Любен Каравелов“ – Русе притежава колекция от над 1500 книги от личната библиотека на Михаил Арнаудов с автографи, послания и дарствени надписи от български и чужди знакови личности. Зад всеки автограф се крие историята на взаимоотношенията между Академика и неговите съвременници. Тези автографи са неизвестни и неизследвани страници от българското културно наследство. |
| 763 1# - Описание на подсерията (дигитални колекции - автор) | |
| Връзки | 222222 |
| Автор към изображението | Марс, Евгения |
| Дати, свързани с автора | 25.08.1877 – 26.09.1945 |
| Друга информация | Евгения Марс е псевдоним на Евгения Бончева – българска писателка, преводачка и общественичка. Учи в Първа софийска държавна девическа гимназия до 1895 г. Още като ученичка пише, учи сериозно френски и руски. Има намерение да продължи образованието си в Загреб, но бракът ѝ с първия български дипломиран зъболекар, д-р Михаил Елмазов, осуетява плановете ѝ. Издава първата си книга през 1906 г. – сборника с разкази „Из живота“. Следват „Лунна нощ. Разходка из Цариград“, „Божана“, „Магда“, „Белите нарциси“ и др. Книгата ѝ „Извън сянката на Вазов“ излиза чак през 2015 г. Нейна заслуга е появата на енциклопедичния алманах Полувековна България 1878 – 1928“. По нейна идея е учреден Клубът на българските писателки – неправителствена организация, която получава широка подкрепа в обществото, както и материална помощ от държавата. |
| Номера от таг 762 подп. 9 | 409507 |
| Номер на изображение | 2 |
| Пълно име на автора | Евгения Марс |
| 852 ## - Местоположение | |
| Форматна сигнатура | МА 1242 |
| Фондова буква | Фонд "Михаил Арнаудов" |
| 999 ## - СИСТЕМНИ КОНТРОЛНИ НОМЕРА | |
| Koha biblionumber | 342351 |
| Koha biblioitemnumber | 342351 |
| 942 ## - АРТИКУЛИ | |
| Вид на библиотечния материал | Книги |
| Скрит в OPAC | Не |
| Периодичен библиозапис | Да |
| Koha issues (borrowed), all copies | 2 |
| 944 ## - СЪЗДАВАНЕ И РЕДАКЦИЯ на ЗАПИСА | |
| Създаване/Редакция | Създаване |
| Дата на регистрацията/редакция | 1996 |
| Служител, извършил регистрацията/редакцията | 30546 |
| Статус, дата на статуса | Ренета Константинова |
| 999 ## - СИСТЕМНИ КОНТРОЛНИ НОМЕРА | |
| Koha biblioitemnumber | 342351 |
| 999 ## - СИСТЕМНИ КОНТРОЛНИ НОМЕРА | |
| Koha biblioitemnumber | 342351 |
| 999 ## - СИСТЕМНИ КОНТРОЛНИ НОМЕРА | |
| Koha biblioitemnumber | 342351 |
| 999 ## - СИСТЕМНИ КОНТРОЛНИ НОМЕРА | |
| Koha biblioitemnumber | 342351 |
| 999 ## - СИСТЕМНИ КОНТРОЛНИ НОМЕРА | |
| Koha biblioitemnumber | 342351 |
| 999 ## - СИСТЕМНИ КОНТРОЛНИ НОМЕРА | |
| Koha biblioitemnumber | 342351 |
| 999 ## - СИСТЕМНИ КОНТРОЛНИ НОМЕРА | |
| Koha biblioitemnumber | 342351 |
| 999 ## - СИСТЕМНИ КОНТРОЛНИ НОМЕРА | |
| Koha biblioitemnumber | 342351 |
| 999 ## - СИСТЕМНИ КОНТРОЛНИ НОМЕРА | |
| Koha biblioitemnumber | 342351 |
| Код за отписване | Код за изгубен артикул | Източник на класификационната схема | Код за повреда | Коз за рестрикции | Код за отдаване | Артикулен № | Име на библиотеката - собственик | Име на библиотеката, в която се намира в момента | Статус (Текущо местоположение) | Дата на вписване в системата | Местоположение - отдел | Цена в лева | Номерация (Хронология) | Инвентарен номер | Систематично азбучна сигнатура | Баркод | Номер на екземпляра | Цена в евро | Служебен тип на артикула |
|---|---|---|---|---|---|---|---|---|---|---|---|---|---|---|---|---|---|---|---|
| Не е изгубен | Universal Decimal Classification | Не е повреден | само за читалня | Специални фондове ( старопечатни, редки и ценни, фонд М. Арнаудов) | 742395 | Регионална библиотека "Любен Каравелов" Русе | Регионална библиотека "Любен Каравелов" Русе | Фонд "Михаил Арнаудов" | 2025-02-20 | Фонд "Михаил Арнаудов" | 300.00 | Автограф: Евгения Марс | 588598 | МА 1242 | 120000588598 | 1 | 153.39 | Книги |